Bankers and customer relationship and the accounts of personal customer (Record no. 15117)
[ view plain ]
| 000 -LEADER | |
|---|---|
| fixed length control field | 00488nam a22001577a 4500 |
| 020 ## - INTERNATIONAL STANDARD BOOK NUMBER | |
| International Standard Book Number | 0 900791 35 7 |
| 082 ## - DEWEY DECIMAL CLASSIFICATION NUMBER | |
| Classification number | 332.17 MAT |
| 100 ## - MAIN ENTRY--PERSONAL NAME | |
| Personal name | Mather, L.C. |
| 9 (RLIN) | 2510 |
| 245 ## - TITLE STATEMENT | |
| Title | Bankers and customer relationship and the accounts of personal customer |
| 260 ## - PUBLICATION, DISTRIBUTION, ETC. | |
| Place of publication, distribution, etc. | London |
| Name of publisher, distributor, etc. | Waterlow Limited |
| Date of publication, distribution, etc. | 1977 |
| 300 ## - PHYSICAL DESCRIPTION | |
| Extent | 322p,;25cm |
| 500 ## - GENERAL NOTE | |
| General note | Includes Index |
| 650 ## - SUBJECT ADDED ENTRY--TOPICAL TERM | |
| Topical term or geographic name entry element | Bankers and customer relationship and the accounts of personal customer |
| 9 (RLIN) | 2602 |
| 700 ## - ADDED ENTRY--PERSONAL NAME | |
| Personal name | Mather, L.C. |
| 9 (RLIN) | 2510 |
| 942 ## - ADDED ENTRY ELEMENTS (KOHA) | |
| Koha item type | Books |
| Withdrawn status | Lost status | Damaged status | Not for loan | Collection code | Home library | Current library | Shelving location | Date acquired | Total Checkouts | Full call number | Barcode | Date last seen | Price effective from | Koha item type |
|---|---|---|---|---|---|---|---|---|---|---|---|---|---|---|
| Non-fiction | IFM Main Campus Library | IFM Main Campus Library | Archival Collection | 09/10/2021 | 332.17MAT | 0000014639 | 01/29/2016 | 02/19/2022 | Books |
